000 00783nam a2200265Ia 4500
005 20260121165957.0
008 008 260114s9999 xx 000 0 eng d
020 _a9783319445649
037 _aEBOOK
040 _aCRL
040 _beng
040 _cCRL
041 _2eng
041 _aeng
084 _qCRL
100 _aNorbert Fuhr, Paulo Quaresma, Teresa Gonçalves, Birger Larsen, Krisztian Balog, Craig Macdonald, Linda Cappellato, Nicola Ferro
_91058322
245 0 _aExperimental IR Meets Multilinguality, Multimodality, and Interaction
260 _bSpringer
260 _bSpringer
260 _c2016
856 _uhttps://link.springer.com/openurl?genre=book&isbn=978-3-319-44564-9
942 _cEBOOK
999 _c1624051
_d1624051